000 00598nam a2200193 a 4500
001 000023261
005 20200930022108.0
008 101201s1959 xxu r 000 0 eng d
040 _aDO-SdBNP
_bspa
_cBNPHU
082 _a891.73
_bD724h
100 1 _aDostoyevski, Fiodor M.
_d1821-1881
_945618
245 1 4 _aThe house of the dead /
_cDostoyevsky ; introducción Ernest J. Simmons.
260 _a(California) :
_bThe Laurell Dell,
_c(1959).
300 _a352 p. ;
_c17 cm.
650 4 _aNovela rusa
_94742
650 4 _aLiteratura rusa
_94743
700 1 _aSimmons, Ernest J.
_947895
049 _aBNGR
999 _c22758
_d22758